Statystyki dla Kraje najbliższe Burundi

Kliknij tutaj aby rozwiązać quiz!

Ogólne statystyki

  • Ten quiz został rozwiązany 65 razy
  • Średni wynik to 18 z 20

Statystyki odpowiedzi

kmkraj% Poprawnych
0Rwanda
100%
0Dem Rep Konga
98%
419Kenia
95%
0Tanzania
95%
95Uganda
95%
1279Kongo
93%
922Angola
89%
977Etiopia
89%
1342Sudan
89%
428Zambia
89%
1246Zimbabwe
89%
1621Czad
88%
864Republika
Środkowoafrykańska
88%
1155Somalia
88%
655Sudan Południowy
88%
652Malawi
82%
1547Namibia
82%
977Mozambik
79%
1560Botswana
71%
1515Kamerun
64%

Rozkład punktacji

Percentyl według liczby udzielonych odpowiedzi

Procent ludzi z każdym wynikiem

Twoja historia wyników

Nie rozwiązałeś tego quizu